| 000 | 00986nam a22002531 4500 | ||
|---|---|---|---|
| 001 | 28100 | ||
| 003 | BD-RjUL | ||
| 005 | 20211209051234.0 | ||
| 008 | 140329s1962 enka 001 0 eng | ||
| 035 | _a(BD-RjUL)28181 | ||
| 035 | _a(OCoLC)1610112 | ||
| 040 |
_aDLC _cAMobU _dBD-RjUL _beng |
||
| 041 | _aeng | ||
| 082 | 0 | 4 |
_220 _a191 _bZAC 1962 |
| 100 | 1 |
_aZanstra, Herman _q(Herman) _986149 |
|
| 245 | 1 | 4 |
_aThe construction of reality : _blectures on the philosophy of science, theory of knowledge, and the relation between body, mind, and personality / _cHerman Zanstra, Given under the auspices of the Philosophy Department of the University of Michigan as weekly lectures during the second semester of 1959/1960. With a commentary by James F. Ross. |
| 260 |
_aOxford ; New York : _bPergamon Press, _cc1962. |
||
| 300 |
_a139 p. : _billus. ; _c19 cm. |
||
| 504 | _aIncludes index. | ||
| 650 | 0 |
_aReality. _986150 |
|
| 942 |
_2ddc _cBK |
||
| 999 |
_c28100 _d28100 |
||